00305nam a2200109Ia 4500008004100000082000800041100001700049245001300066942000600079952009500085999001500180240331s9999 xx 000 0 und d bJAY aJayarasah, S 0aAlakiyal cL 001040708LaWERCLbWERCLcSSCd2024-03-31l0o 700 JAYp5127r2024-03-31w2024-03-31yL c3686d3686